000 00641nam a2200193 a 4500
001 15315
003 CO-ViMGA
008 141112s2004 ck r 000 u spa d
020 _a8420003212
040 _aCO-ViMGA
_bspa
_cCO-ViMGA
082 0 4 _a641.36 N445v
100 1 _aNiinivaara, Fritz; Antila, Pirkko
_922259
245 1 0 _aEl valor nutritivo de la carne :
_bCiencia y tecnología de la carne. Teoría y practica
260 _aZaragoza (E),
_cAcribia,
_c1973
300 _a184.p.
505 _aCiencia general de la nutrición Riqueza nutritiva de la carne y productos carnicos
650 1 4 _aCARNE - NUTRICION
_922260
942 _2ddc
_cBK
999 _c25675
_d25675